| 000 | 00999cam a2200313 a 4500 | ||
|---|---|---|---|
| 001 | 23625 | ||
| 003 | BD-RjUL | ||
| 005 | 20211209000942.0 | ||
| 008 | 140311r19521907enk 001 0aeng | ||
| 035 | _a(BD-RjUL)23690 | ||
| 040 |
_aDLC _cDLC _beng _dBD-RjUL |
||
| 041 | 1 |
_aeng _hita |
|
| 082 | 0 | 4 |
_a735 _bCEM 1952 |
| 100 | 1 |
_aCellini, Benvenuto, _d1500-1571. _972710 |
|
| 245 | 1 | 0 |
_aMemoirs / _cBenvenuto Cellini. |
| 260 |
_aLondon ; _bJ.M. Dent ; _aNew York : _bE.P. Dutton, _c1907 [reprinted 1952]. |
||
| 300 |
_a368 p. ; _c18 cm. |
||
| 490 | 0 | _aEveryman's library | |
| 500 |
_aLC copy bound in gilt-tooled leather. _5DLC |
||
| 504 | _aIncludes index. | ||
| 561 | _5DLC | ||
| 600 | 1 | 0 |
_aCellini, Benvenuto, _d1500-1571. _972719 |
| 650 | 0 |
_aSculptors _zItaly _vBiography. _972712 |
|
| 710 | 2 |
_aRouben Mamoulian Collection (Library of Congress) _5DLC _950483 |
|
| 942 |
_2ddc _cBK |
||
| 999 |
_c23625 _d23625 |
||